000
00332nam a22001577a 4500
003
SGT
020
_a
9789339204457
082
_a
174.962
_b
MAR
100
_a
MARTIN,MIKE.W
245
_a
ETHICS IN ENGINEERING
250
_a
4TH
260
_a
NEW DELHI
_b
TMH
_c
2005
300
_a
340
650
_a
ENGINEERING ETHICS
942
_2
ddc
_c
BK
999
_c
8215
_d
8215